Landlocked Countries not Bordering Other Landlocked Countries - Statistics

General Stats
  • This quiz has been taken 199 times
  • The average score is 9 of 12
Answer Stats
Country % Correct
San Marino
89%
Vatican City
89%
Andorra
88%
Lesotho
88%
Luxembourg
80%
Bhutan
78%
Nepal
77%
Laos
75%
Mongolia
74%
Swaziland
70%
Belarus
61%
Moldova
60%
No matching quizzes found
Score Distribution
Percent of People with Each Score
Percentile by Number Answered
Your Score History
You have not taken this quiz